000 00570nam a22002057i 4500
001 6322
003 OSt
005 20181024181335.0
007 tu
008 161220s2003 xxu||||| |||| 00| 0 d
020 _a9211168503
024 7 _a6322
_2RID
024 7 _a6322
_2RSN (alt)
040 _cOSt
245 0 0 _aLithunia
_bTowards a Knowledge-Based Economy
260 _aNew York, Geneva :
_bUnited Nations Publications,
_c2003.
110 2 _aUnited Nations Economic Commission for Europe
490 _aCountry Readiness Assessment Report
_vECE/TRADE/311/12
942 _cP
999 _c5917
_d5917